000 00471cam a2200181ua 4500
001 3875
008 111207n ii |||gr||||Z||||||asm
040 _cMAIN
082 _a891.4511
100 1 _aSarma, Basanta Kumar,
245 1 1 _aTennyson aru Browringor kabita
_cby Basanta Kumar Sarma
250 _a1st.
260 _aGuwahati:
_bSarada Prakashan,997.
300 _a173p:
_c23cm.
653 _aAssamese poem
653 _aTennyson aru Browringor kabita
942 _cBK
999 _c3698
_d3698